Antropología de la educación

Salvato in:
Dettagli Bibliografici
Autori principali: Bouché Peris, Henri (Autore), García Amilburu, María (Autore), Quintana Cabanas, José María (Autore), Ruiz Corbella, Marta (Autore)
Natura: Libro
Lingua:spagnolo
Pubblicazione: Madrid Síntesis 2008
Serie:Teoría e Historia de la Educación, 10
Soggetti:
Tags: Aggiungi Tag
Nessun Tag, puoi essere il primo ad aggiungerne!!

MARC

LEADER 00000nam a2200000 a 4500
001 UCH7560
003 CL-VaPUC
008 091119e20080000SP |||||||||||||||||spa|d
020 |a 9788497560061 
082 0 4 |a 306.43  |b BOU  |2 21 
100 |a Bouché Peris, Henri  |e author  |9 543948 
700 |a García Amilburu, María  |e author  |9 590312 
700 0 |a Quintana Cabanas, José María  |e author  |9 543950 
700 0 |a Ruiz Corbella, Marta  |e author  |9 543951 
245 1 0 |a Antropología de la educación 
300 |a 255 p 
942 |c BK 
945 |d 20091119 00:00:00  |a rbrito 
260 |a Madrid  |b Síntesis  |c 2008 
650 0 |a Antropología de la educación   |9 265262 
583 |a last modification  |c 20091119 00:00:00  |k Rodrigo Vera 
490 0 |a Teoría e Historia de la Educación, 10 
999 |c 338079  |d 338077 
952 |0 0  |1 0  |4 0  |6 306_430000000000000_BOU_2008  |7 0  |8 A  |9 430886  |a BIBEDU  |b BIBEDU  |d 2019-11-22  |i 4619986  |o 306.43 BOU 2008  |p 4619986  |r 2019-11-22  |w 2019-11-22  |y BK  |k EPE 
952 |0 0  |1 0  |4 0  |6 306_430000000000000_BOU_2008  |7 0  |8 A  |9 430887  |a BIBEDU  |b BIBEDU  |d 2019-11-22  |i 4619994  |l 1  |o 306.43 BOU 2008  |p 4619994  |r 2024-08-28  |s 2024-08-12  |w 2019-11-22  |y BK  |k EPE